Letzter einheimischer Trainer europäischer Topclubs - Statistiken

Allgemein
  • Dieses Quiz wurde 37 mal gespielt
  • Das Durchschnittsergebnis liegt bei 6 aus 15
Antwortstatistiken
Verein Zeitraum Trainer % Korrekt
FC Bayern München 2023 bis 2024 Thomas Tuchel
97%
Real Madrid CF seit 2025 Xabi Alonso
90%
FC Barcelona 2021 bis 2024 Xavi
77%
Borussia Dortmund 2022 bis 2024 Edin Terzić
71%
Inter Mailand 2021 bis 2025 Simone Inzaghi
58%
Juventus Turin 2021 bis 2024 Massimiliano Allegri
48%
AC Mailand seit 2025 Massimiliano Allegri
48%
Chelsea FC 2019 bis 2021 Frank Lampard
35%
Paris Saint-Germain 2022 bis 2023 Christophe Galtier
23%
Liverpool FC 2010 bis 2011 Roy Hodgson
19%
Manchester City FC 2005 bis 2007 Stuart Pearce
6%
Tottenham Hotspur FC 2013 bis 2014 Tim Sherwood
6%
Arsenal FC 1983 bis 1986 Don Howe
3%
Atletico Madrid 2011 Gregorio Manzano
3%
Manchester United FC 1981 bis 1986 Ron Atkinson
3%
Keine übereinstimmenden Quizze gefunden
Verteilung der Resultate
Anzahl Personen mit jedem Resultat
Perzentil nach korrekt beantworteten Fragen
Ihre Resultats-Entwicklung
Sie haben dieses Quiz noch nicht gespielt